000 00824nam a22002057a 4500
999 _c16557
_d16557
003 AR-CdUCM
008 190503b ||||| |||| 00| 0 spa d
040 _aMUNICIPALIDAD PROVINCIAL DEL CUSCO
_cBIBLIOTECA MUNICIPAL DEL CUSCO
082 _a307 /
_bM26
100 _aMarías, Julián
_912094
245 _aLa estructura social /
260 _aBuenos Aires :
_bEmecé,
_c1958
300 _a298 páginas ;
_c18 cm.
505 _aContenido: El tema de la investigación la estructura social -- Dinámica de las generaciones -- Las vigencias sociales -- Ciencias, ideas, opiniones -- Pretensión y felicidad -- El poder y las posibilidades -- Las relaciones humanas.
650 _aSociología
_9276
650 _aMetodología
_92264
650 _aCiencias sociales
_91096
942 _2ddc
_cLIBROS
945 _adavv
_d03/05/2019